Quizzes
Events
Quiz Creation
Community
Videos
Private Events
Remove Ads
Sign In
Join for FREE
Feedback
Dark Mode
Quiz Categories
Sports
Geography
Music
Movies
Television
Just For Fun
Miscellaneous
History
Literature
Language
Science
Gaming
Entertainment
Religion
Holiday
For Kids
Quiz Lab
Recent
Popular Today
Quiz Kudos Today
Editor Picks
Curator Picks
Quizzes by...
Day
Popularity
Type
Ratings
Length
Year
Community
Subscriptions
Recent Discussions
Orange Saloon
Badges
Playlists
Quests
Create
Leaderboards
Showdown
Live 5
Trivia Bingo
Activity
Puzzle Library
Sporcle Events
Private Events
Virtual Trivia
Globe League
Become a Host
Pub Owners
SporcleCon
Opinionation
Our Games
Videos
Blog
Mobile Apps
Partnerships
Remove Ads and Go Orange
Feedback
Music
Pop Music
The Beatles
Song
Album
Lyrics
Bands
Singers
Artist
Clip
Rock
Rap
Classical
Billboard
Country Music
Kpop
Taylor Swift
Music
Pop Music
The Beatles
Song
Album
Lyrics
Bands
Singers
Artist
Clip
Rock
Rap
Classical
Billboard
Country Music
Kpop
Taylor Swift
Random Quiz
Search Sporcle
×
Quiz Lab
Quiz Lab
Music
Song
Type in answers that appear in a list
Type in answers that appear in a list
Classic
Best Score? Go Orange.
Name all the songs by system of a down Stats
Can you name the name all the songs by system of a down?
By
MetalHead1989
10m
66 Questions
356 Plays
356 Plays
356 Plays
Comments
Comments
Give Quiz Kudos
Give Quiz Kudos
-
- Ratings
hide this ad
Replay
Link that replays current quiz
Next Quiz
Link to next quiz in quiz playlist
You Got
0%
They Got
Avg Score
64%
Avg Friend Score
Upgrade to see
Score Distribution
Jump to the score distribution portion of the page
Score
0/66
Timer
10:00
2
Plays Today
% Correct
Toxicity
93.8%
Chop Suey!
89.3%
Aerials
84.3%
B.Y.O.B (Bring Your Own Bombs)
84%
Sugar
83.4%
Prison Song
82.6%
Deer Dance
77.5%
Hypnotize
77%
Spiders
76.4%
Soldier Side-Intro
76.4%
Soldier Side
76.4%
ATWA
75.6%
Needles
72.8%
Bounce
71.9%
Lost in Hollywood
71.9%
Forest
71.6%
Suite-pee
70.5%
War?
70.5%
Cigaro
69.7%
Old School Hollywood
69.7%
Science
69.1%
Violent Pornography
69.1%
Jet Pilot
68.3%
Psycho
67.4%
Know
66.9%
BOOM!
66.3%
Lonely Day
66%
Question?
65.4%
A.D.D (American Dream Denial)
63.8%
This Cocaine
63.8%
DDevil
63.5%
P.L.U.C.K
62.9%
Mr. Jack
62.9%
% Correct
Sad Statue
62.9%
Attack
62.6%
Suggestions
62.4%
Holy Mountains
62.1%
Radio Video
61.2%
Bubbles
61%
X
60.7%
Chic N Stu
60.7%
Revenga
60.4%
Shimmy
60.1%
Roulette
60.1%
**** the System
59.8%
CUBErt
58.1%
Mind
57.6%
Peephole
57.6%
Darts
57%
Dreaming
57%
Soil
56.5%
I-E-A-I-A-I-O
56.5%
36
56.5%
Kill Rock N Roll
56.2%
Highway Song
55.9%
Vicinity of Obscenity
55.6%
Shes Like Heroin
55.3%
Innervision
54.8%
Thetawaves
51.7%
Nüguns
51.4%
Streamline
50%
Tentative
48.6%
Pictures
47.5%
Ego Brain
46.6%
U-Fig
46.6%
Stealing Society
41%
Quiz Playlist
Details
Report
Send in Message
Add To Playlist
Classic:
Type in answers that appear in a list
Last Updated: Feb 16, 2017
Quiz Scoreboard
CHALLENGE
Sign Up to Join the Scoreboard
Show All
Scores
Hide
Comments
May contain spoilers
Recently Published
Presidents Visiting Landmarks
by Hejman
History
7m
An Introduction to Baseball
by treessimontrees
Sports
5m
Movies - When Are They Set?
by FPL_Elf
Movies
5m
More to Explore
Quiz From the Vault
Featured Blog Post
Where Did the Easter Bunny Come From?
hide this ad
You Might Also Like...
Tags
Song Quiz
Down
System
Today's Top Quizzes in Music
Browse Music
hide this ad
Today's Top Quizzes in Song
Browse Song
Top Contributed Quizzes in Music
1
Taylor Swift All Songs (2024)
2
Guess the Artist- 70s Songs
3
7-to-1: Billboard Hot 100 #1 Hits of 2010s
4
Sorting Albums and Songs
5
Taylor Swift Logic Puzzle
6
One Thing in Common: Music
7
2010s Album by Cover III
8
KPOP LOGIC QUIZ
9
Guess the Taylor Swift song (Mystery Song)
10
Guess the Artist- 80s Songs
Explore More
Trending Topics
Crossword
Kpop
Harry Potter
NBA
Disney
Marvel
Anime
NFL
Song
The Office
Soccer
Puzzle
WWE
Pokémon
Country
hide this ad
More By:
MetalHead1989
Quiz
Plays
Rating
Category
Featured
Created
Can you name the members of Slipknot
1,068
1.75
Music
Dec 18, 2009
Kerrangs 100 riffs that changed the world
404
1.67
Music
Dec 23, 2009
name all the songs by system of a down
356
4.00
Music
Dec 24, 2009
ultimate rock and metal songs quiz
351
1.00
Music
Dec 22, 2009
Billie Joe Armstrong Discography
214
Music
Dec 28, 2009
Go to Creator's Profile
Score Distribution
Quiz Creator Spotlight
MetalHead1989
Follow
Send a Message
Quizzes Created
-
Created Quiz Play Count
-
More By This Creator
Popular Quizzes Today
1
Find the US States - No Outlines Minefield
2
Find the Countries of Europe - No Outlines Minefield
3
The Countries of the World
4
Find the US States
5
Popular People in 1961
6
US States
7
Risky Map Clicking: Biggest States A-Z
8
Movies - When Are They Set?
More Music Quizzes
Sharps in Order Blitz
Curator's Pick
Trending Quizzes
Risky Map Clicking: Least Populous States A-Z
1-10 Letter G Words
1-10 Letter F Words
Risky Map Clicking: Next State Alphabetically
Risky Map Clicking: Biggest States A-Z
Recently Updated
Leaping Animals
pecheneg
Reality TV Shows (A-Z)
bhenderson79
Rickey Henderson's Hall of Fame Teammates
pecheneg
Champions League XIs: Arsenal
pecheneg
Quick Pick: Celebrities in WWE's Hall of Fame
aduchscher
A-Z Keypad Blitz II
pecheneg
Multiple Oscar Actors
pecheneg
Mystery Phrase Blitz: Oscar 'Best Actors'
pecheneg
F. Scott Fitzgerald Novels
LTH
Pick 3 Villains
ddd62291
Trending Topics
Disney
Crossword
Anime
Kpop
Marvel
Harry Potter
NBA
Pokémon
NFL
Puzzle
WWE
Song
Soccer
Country
The Office
Your Account Isn't Verified!
In order to create a playlist on Sporcle, you need to verify the email address you used during registration. Go to your
Sporcle Settings
to finish the process.
Report this User
Report this user for behavior that violates our
Community Guidelines
.
Details:
Send Report
Go to the Sporcle.com Mobile Site →
Comments